| 000 | 00962nam a22002777i 4500 | ||
|---|---|---|---|
| 999 |
_c23525 _d23525 |
||
| 003 | AR-CdUCM | ||
| 008 | 260224b20222022 pe||||| |||| 00| 0 spa d | ||
| 020 | _a978-612-44-50-42-6 | ||
| 040 |
_aMUNICIPALIDAD PROVINCIAL DEL CUSCO _cBIBLIOTECA MUNICIPAL DEL CUSCO |
||
| 041 | _hspa | ||
| 082 |
_aEP / 567.91 _bD11 |
||
| 245 | _aDinosaurios y animales prehistóricos del Perú / | ||
| 260 |
_aLima. : _bEdiciones Pichoncito _c2022 |
||
| 300 |
_a63 páginas. : _c32x24 cm. |
||
| 505 | _aLa vida en el Perú -- El árbol de la evolución -- Los rastros de la vida -- El Perú prehistórico -- Del mesozoico al cenozoico | ||
| 650 |
_aTecodonte _952322 |
||
| 650 |
_aEspinosaurio _952323 |
||
| 650 |
_aMagalodon _952324 |
||
| 650 |
_aMegaterio _952325 |
||
| 650 |
_aGliptodonte _952326 |
||
| 650 |
_aTitanosaurio _952327 |
||
| 710 |
_aNicolás Rodríguez (Editado) _952328 |
||
| 856 | _fWWW.PICHINCITO.PE | ||
| 942 |
_2ddc _cLIBROS |
||
| 945 |
_apbjr _d24-02-2026 |
||